000 00797nas a2200217 454500
001 15108
005 20260407193505.0
008 260407s1999####ag###########|||spa#d
003 AR-UNSa-BCEJYS
040 _aAR-UNSa-BCEJYS
_bspa
_cAR-UNSa-BCEJYS
080 _a347.41
_xObligaciones en general (civil)
245 1 0 _aRevista de responsabilidad civil y seguros
_pPublicación bimestral de doctrina, jurisprudencia y legislación
264 1 _aBuenos Aires :
_bLa Ley
_c1999
310 _aFrecuencia: Bimestral
942 _cSER
590 _aniveau_biblio:s niveau_hierar:1
100 1 _aAlterini, Atilio Aníbal
650 _aResponsabilidad civil
650 _aDerecho
856 4 1 _uhttps://biblioeco.unsa.edu.ar/pmb/images/revistas/Responsabilidad Civil y Seguros.jpg
_yImagen de portada
_qimage/jpeg
999 _c8473
_d8473